|
|
|
|
| LEADER |
01564nam a2200325 a 4500 |
| 001 |
14339379 |
| 008 |
101214r20092007maua b 001 0 eng d |
| 010 |
|
|
|a 2006012468
|
| 020 |
|
|
|a 9780070648241
|
| 020 |
|
|
|a 0072880082 (hdbk. : acid-free paper)
|
| 020 |
|
|
|a 0073229725
|
| 020 |
|
|
|a 9780072880083
|
| 020 |
|
|
|a 9780073229720
|
| 040 |
|
|
|a DLC
|c DLC
|d YDX
|d BAKER
|d DLC
|d BD-DhAAL
|
| 082 |
0 |
0 |
|a 511
|2 22
|
| 100 |
1 |
|
|a Rosen, Kenneth H.
|
| 245 |
1 |
0 |
|a Discrete mathematics and its applications :
|b with combinatorics and graph theory /
|c Kenneth H. Rosen.
|
| 250 |
|
|
|a 6th ed.
|
| 260 |
|
|
|a Boston ;
|a New Delhi :
|b Tata McGraw-Hill Higher Education,
|c c2007.
|
| 300 |
|
|
|a xxi, 787, A-15, B-9, S-97, C-2, I-23 p. :
|b ill. ;
|c 24 cm.
|
| 504 |
|
|
|a Includes bibliographical references (p. B-1 - B-9) and index.
|
| 541 |
1 |
|
|e 00021611
|
| 505 |
0 |
|
|a The foundations : logic and proofs -- Basic structures : sets, functions, sequences, and sums -- The fundamentals : algorithms, the integers, and matrices -- Induction and recursion -- Counting -- Discrete probability -- Advanced counting techniques -- Relations -- Graphs -- Trees -- Boolean algebra -- Modeling computation.
|
| 650 |
|
0 |
|a Mathematics.
|
| 650 |
|
0 |
|a Computer science
|x Mathematics.
|
| 650 |
|
0 |
|a Logic, Symbolic and mathematical.
|
| 852 |
4 |
|
|a Ayesha Abed Library
|c General Shelf.
|
| 942 |
0 |
0 |
|0 2
|
| 999 |
|
|
|c 10209
|d 10209
|
| 952 |
|
|
|0 0
|1 0
|2 ddc
|4 0
|6 511_000000000000000_ROS
|7 0
|9 13620
|a BRACUL
|b BRACUL
|c GEN
|d 2010-12-14
|e TRIM EDUCATION
|l 57
|m 368
|o 511 ROS
|p 3010021611
|r 2026-04-07
|s 2025-10-12
|t 1
|w 2010-12-14
|y BK
|